[Event "Saint Affrique op 30th"]
[Site "Saint Affrique"]
[Date "2024.07.21"]
[Round "2"]
[White "Flear, Glenn C"]
[Black "Mania, Clement"]
[Result "1-0"]
[WhiteElo "2390"]
[BlackElo "1911"]
[PlyCount "83"]
[EventDate "2024.07.20"]
[EventType "swiss"]
[EventRounds "9"]
[EventCountry "FRA"]
[SourceTitle "CBM 221 Extra"]
[Source "ChessBase"]
[SourceDate "2024.09.30"]
[SourceVersion "1"]
[SourceVersionDate "2024.09.30"]
[SourceQuality "1"]

1. d4 d6 2. c4 f5 3. Nc3 Nf6 4. Bg5 e6 5. Qc2 Nc6 6. Nf3 h6 7. Bxf6 Qxf6 8. d5 Nd4 9. Nxd4 Qxd4 10. e3 Qe5 11. Nb5 Kd8 12. 0-0-0 Bd7 13. Nd4 exd5 14. cxd5 Be7 15. Bb5 g6 16. Bxd7 Kxd7 17. Qb3 Bf6 18. Qxb7 Rhb8 19. Qc6+ Ke7 20. Qxa8 Rxa8 21. Nc6+ Kd7 22. Nxe5+ dxe5 23. e4 Rb8 24. f3 Bg5+ 25. Kc2 Be3 26. Rd3 Bb6 27. Re1 f4 28. Re2 g5 29. Kd1 h5 30. Rc2 g4 31. b3 Rg8 32. Ke2 h4 33. fxg4 Rxg4 34. Kf3 Rg8 35. Rdc3 h3 36. gxh3 Rg1 37. h4 Rg7 38. Rg2 Rh7 39. Rg4 Ke7 40. Rc6 Kf7 41. b4 Kf8 42. Rf6+ 1-0

[Event "FRA-ch op-C"]
[Site "Albi"]
[Date "2022.08.21"]
[Round "9"]
[White "Mania, Clement"]
[Black "Grulier, Ernest"]
[Result "0-1"]
[WhiteElo "1793"]
[BlackElo "1712"]
[PlyCount "96"]
[EventDate "2022.08.13"]
[EventType "swiss"]
[EventRounds "9"]
[EventCountry "FRA"]
[SourceTitle "CBM 210 Extra"]
[Source "ChessBase"]
[SourceDate "2022.11.30"]
[SourceVersion "1"]
[SourceVersionDate "2022.11.30"]
[SourceQuality "1"]

1. b3 d5 2. Bb2 Bg4 3. f3 Bh5 4. Nh3 e6 5. Nf4 Nf6 6. e3 Bd6 7. Qe2 c6 8. d3 d4 9. g4 Bg6 10. Nxg6 hxg6 11. Bxd4 Qc7 12. h3 Bg3+ 13. Kd1 e5 14. Bb2 Na6 15. Nd2 0-0-0 16. Kc1 Bh4 17. Nc4 Rhe8 18. Kb1 Nd5 19. a4 f5 20. gxf5 gxf5 21. Bg2 Bf6 22. a5 Kb8 23. Rd1 Nc5 24. Qd2 Bg5 25. Ka2 f4 26. e4 Ne3 27. Nxe3 fxe3 28. Qe1 Ne6 29. h4 Bf4 30. Bc1 Nd4 31. Bxe3 Nxc2 32. Bxa7+ Kxa7 33. Qf2+ Nd4 34. Kb2 Kb8 35. a6 Qb6 36. a7+ Ka8 37. Ra3 Qb4 38. Bh3 Nb5 39. Ra4 Qc3+ 40. Ka2 Rxd3 41. Rc4 Qa5+ 42. Ra4 Nc3+ 43. Ka3 Qxa4+ 44. bxa4 Nxd1+ 45. Kb4 Nxf2 46. h5 b6 47. Bf5 Red8 48. a5 R8d4# 0-1

[Event "FRA-ch op-C"]
[Site "Albi"]
[Date "2022.08.20"]
[Round "8"]
[White "Milojevic Daim, Lola Shaina"]
[Black "Mania, Clement"]
[Result "1/2-1/2"]
[WhiteElo "1671"]
[BlackElo "1793"]
[PlyCount "218"]
[EventDate "2022.08.13"]
[EventType "swiss"]
[EventRounds "9"]
[EventCountry "FRA"]
[SourceTitle "CBM 210 Extra"]
[Source "ChessBase"]
[SourceDate "2022.11.30"]
[SourceVersion "1"]
[SourceVersionDate "2022.11.30"]
[SourceQuality "1"]

1. e4 e6 2. d4 d5 3. exd5 exd5 4. Nf3 Nc6 5. Bd3 Bg4 6. c3 Bd6 7. Be3 Nge7 8. Nbd2 Qd7 9. b4 Nf5 10. Nf1 0-0 11. h3 Bxf3 12. Qxf3 Nce7 13. h4 Rfe8 14. g4 Qc6 15. Kd2 Nxe3 16. Nxe3 a5 17. b5 Qd7 18. a4 c5 19. bxc6 bxc6 20. Nf5 c5 21. Bb5 Nc6 22. c4 Qc7 23. cxd5 Bf4+ 24. Kd1 Nb4 25. Bxe8 Rxe8 26. Qc3 Rc8 27. Re1 Nxd5 28. Qxc5 Qb7 29. Qxd5 Qb2 30. Ne3 Qxa1+ 31. Ke2 Qb2+ 32. Kf1 g6 33. h5 Bxe3 34. Rxe3 Qa1+ 35. Kg2 Qxa4 36. Re7 Qc6 37. Qxc6 Rxc6 38. Ra7 gxh5 39. gxh5 Rd6 40. Rxa5 Rxd4 41. Rg5+ Kf8 42. Kg3 f6 43. Rc5 Kg7 44. Rc7+ Kh6 45. Rf7 Kxh5 46. Rxh7+ Kg5 47. Rg7+ Kf5 48. Rc7 Rd3+ 49. f3 Rd5 50. Rc4 Ra5 51. Rf4+ Kg5 52. Rg4+ Kf5 53. Rf4+ Ke6 54. Re4+ Kf7 55. Rf4 Rb5 56. Rc4 Kg6 57. Rg4+ Kh5 58. Rh4+ Kg5 59. Rg4+ Kf5 60. Rf4+ Ke6 61. Re4+ Kf7 62. Rc4 Rd5 63. Re4 Kg6 64. Rg4+ Kh5 65. Rh4+ Kg5 66. Rg4+ Kf5 67. Rf4+ Ke6 68. Re4+ Kf7 69. Rc4 Rh5 70. Rc7+ Kg6 71. Rc4 Rf5 72. Rg4+ Kf7 73. Rc4 Re5 74. Rc7+ Kg6 75. Rc4 Rh5 76. Rg4+ Kf7 77. Rc4 Rh1 78. Kg2 Rh8 79. Kg3 Kg6 80. Rg4+ Kf5 81. Rf4+ Ke5 82. Re4+ Kf5 83. Rf4+ Ke6 84. Re4+ Kf7 85. Rc4 Rh1 86. Kg2 Ra1 87. Kg3 Kg6 88. Rg4+ Kh5 89. Rh4+ Kg5 90. Rg4+ Kf5 91. Rf4+ Ke6 92. Re4+ Kf7 93. Rc4 Ra2 94. Rc7+ Ke6 95. Rc6+ Kf7 96. Rc7+ Kg6 97. Rc4 Ra3 98. Rg4+ Kf7 99. Rc4 Ra5 100. Rc7+ Kg6 101. Rc4 Rh5 102. Rg4+ Kf7 103. Rc4 f5 104. Rc7+ Ke6 105. Rc6+ Kd5 106. Ra6 Ke5 107. Ra5+ Kf6 108. Ra6+ Ke5 109. Ra5+ Kf6 1/2-1/2

[Event "Saint Affrique op 22nd"]
[Site "Saint Affrique"]
[Date "2014.07.23"]
[Round "6"]
[White "Milchev, Nikolay"]
[Black "Mania, Clement"]
[Result "1-0"]
[WhiteElo "2424"]
[BlackElo "2177"]
[PlyCount "81"]
[EventDate "2014.07.19"]
[EventType "swiss"]
[EventRounds "9"]
[EventCountry "FRA"]
[SourceTitle "CBM 161 Extra"]
[Source "ChessBase"]
[SourceDate "2014.08.29"]
[SourceVersion "1"]
[SourceVersionDate "2014.08.29"]
[SourceQuality "1"]

1. d4 d6 2. Nf3 g6 3. c4 Bg7 4. Nc3 Nh6 5. h4 c6 6. h5 Qb6 7. e3 Na6 8. Be2 Bf5 9. a3 e5 10. b4 gxh5 11. c5 Qd8 12. cxd6 exd4 13. Nxd4 Qxd6 14. Bb2 Bg6 15. Bxh5 0-0-0 16. Be2 Rhe8 17. Rh3 Kb8 18. b5 cxb5 19. Ncxb5 Qb6 20. a4 Rd7 21. a5 Qd8 22. Qa4 Nc5 23. Qc4 Qc8 24. Rc1 b6 25. Nxa7 Rxa7 26. axb6 Ra5 27. Qb4 Re5 28. Qxa5 Nd3+ 29. Bxd3 Rxa5 30. Rxc8+ Kxc8 31. Bxg6 Ra2 32. b7+ Kxb7 33. Be4+ Kb6 34. Bc3 Ng4 35. Rxh7 Nxf2 36. Bb1 Nd3+ 37. Bxd3 Bxd4 38. Bxd4+ Kc6 39. Rxf7 Ra3 40. Be4+ Kb5 41. g4 1-0

[Event "Saint Affrique op 22nd"]
[Site "Saint Affrique"]
[Date "2014.07.22"]
[Round "5"]
[White "Mania, Clement"]
[Black "Noireaut, Hung"]
[Result "1-0"]
[WhiteElo "2177"]
[BlackElo "2007"]
[PlyCount "75"]
[EventDate "2014.07.19"]
[EventType "swiss"]
[EventRounds "9"]
[EventCountry "FRA"]
[SourceTitle "CBM 161 Extra"]
[Source "ChessBase"]
[SourceDate "2014.08.29"]
[SourceVersion "1"]
[SourceVersionDate "2014.08.29"]
[SourceQuality "1"]

1. d3 e5 2. c4 Nc6 3. Nc3 g6 4. g3 Bg7 5. Bg2 d6 6. Bd2 f5 7. Nh3 Nf6 8. 0-0 0-0 9. f4 Kh8 10. Rc1 Ng4 11. e3 Ne7 12. b4 exf4 13. gxf4 c6 14. Qb3 Be6 15. Ng5 Bg8 16. h3 Nf6 17. b5 Qd7 18. Rfd1 a6 19. bxc6 Nxc6 20. Nd5 h6 21. Nb6 Qe7 22. Nxa8 hxg5 23. fxg5 Nh5 24. Re1 Rxa8 25. Rb1 Qxg5 26. Qxb7 Ne5 27. Qxa8 d5 28. Rf1 Ng3 29. Rf2 Nxd3 30. Rb8 Nxf2 31. Rxg8+ Kh7 32. Rxg7+ Kxg7 33. Bc3+ Kf7 34. Bxd5+ Ke7 35. Bb4+ Kd7 36. Qb7+ Kd8 37. Ba5+ Ke8 38. Qf7# 1-0

[Event "Saint Affrique op 21st"]
[Site "Saint Affrique"]
[Date "2013.07.25"]
[Round "7"]
[White "Mania, Clement"]
[Black "Scholz, Christian"]
[Result "0-1"]
[WhiteElo "2174"]
[BlackElo "2393"]
[PlyCount "142"]
[EventDate "2013.07.20"]
[EventType "swiss"]
[EventRounds "9"]
[EventCountry "FRA"]
[SourceTitle "EXT 2014"]
[Source "ChessBase"]
[SourceDate "2013.11.20"]
[SourceVersion "1"]
[SourceVersionDate "2013.11.20"]
[SourceQuality "1"]

1. g3 g6 2. Bg2 Bg7 3. f4 d5 4. Nf3 Nf6 5. 0-0 0-0 6. d3 Nc6 7. d4 Bf5 8. c3 Qc8 9. Re1 Rb8 10. Nbd2 Be4 11. Nxe4 Nxe4 12. Qd3 e6 13. b3 Rd8 14. e3 Ne7 15. Ba3 Nf5 16. Ne5 Nfd6 17. c4 f6 18. Nf3 c6 19. Rac1 Nf7 20. Nd2 Nxd2 21. Qxd2 Qd7 22. Bh3 f5 23. g4 Kh8 24. gxf5 exf5 25. Bg2 dxc4 26. bxc4 Nd6 27. d5 cxd5 28. Qxd5 Ne8 29. Qxd7 Rxd7 30. Red1 Rbd8 31. Rxd7 Rxd7 32. Rb1 Rd3 33. Bb2 b6 34. Bxg7+ Kxg7 35. c5 bxc5 36. Rb7+ Kh6 37. Rxa7 Rxe3 38. Bd5 Nf6 39. Bb3 Nh5 40. Bg8 Nf6 41. Bb3 Rf3 42. Rc7 Ne4 43. Bg8 Rxf4 44. Rxh7+ Kg5 45. Rc7 Rf3 46. Bd5 Rc3 47. a4 Kf4 48. a5 Rc1+ 49. Kg2 Rc2+ 50. Kg1 Kf3 51. Bxe4+ fxe4 52. Rf7+ Ke3 53. Rf6 Ra2 54. a6 g5 55. Rf5 c4 56. Rxg5 Rxa6 57. Rc5 Kd4 58. Rc8 Ra1+ 59. Kg2 c3 60. h4 Kd3 61. Rd8+ Ke3 62. Rc8 Ra2+ 63. Kg3 c2 64. h5 Kd2 65. Rd8+ Kc3 66. Rc8+ Kb2 67. Rb8+ Ka1 68. Rc8 Kb1 69. Kf4 c1Q+ 70. Rxc1+ Kxc1 71. Kxe4 Rh2 0-1

[Event "Saint Affrique op 20th"]
[Site "Saint Affrique"]
[Date "2012.07.22"]
[Round "2"]
[White "Mania, Clement"]
[Black "Randisi, Stephane"]
[Result "1-0"]
[WhiteElo "2137"]
[BlackElo "1810"]
[PlyCount "57"]
[EventDate "2012.07.21"]
[EventType "swiss"]
[EventRounds "9"]
[EventCountry "FRA"]
[SourceTitle "CBM 149 Extra"]
[Source "ChessBase"]
[SourceDate "2012.08.24"]
[SourceVersion "1"]
[SourceVersionDate "2012.08.24"]
[SourceQuality "1"]

1. f4 e6 2. Nf3 d5 3. g3 Nc6 4. d3 Nf6 5. Bg2 g6 6. 0-0 Bg7 7. Nc3 0-0 8. e4 e5 9. fxe5 Ng4 10. Bg5 Qe8 11. Nxd5 Qd7 12. d4 f5 13. exf6 Nxf6 14. Nxf6+ Bxf6 15. Bxf6 Rxf6 16. d5 Ne7 17. e5 Rb6 18. Ng5 Nf5 19. Qd2 Qe7 20. e6 Rd6 21. g4 Nh6 22. Nf7 Nxf7 23. exf7+ Qxf7 24. Rxf7 Kxf7 25. Rf1+ Kg8 26. Qf4 Bd7 27. Qf7+ Kh8 28. Rf6 Rxf6 29. Qxf6+ 1-0

[Event "FRA-ch Accession"]
[Site "Caen"]
[Date "2011.08.27"]
[Round "11"]
[White "Bertrand, Quentin"]
[Black "Mania, Clement"]
[Result "1-0"]
[WhiteElo "2195"]
[BlackElo "2130"]
[PlyCount "55"]
[EventDate "2011.08.16"]
[EventType "swiss"]
[EventRounds "11"]
[EventCountry "FRA"]
[SourceTitle "CBM 144 Extra"]
[Source "ChessBase"]
[SourceDate "2011.10.28"]
[SourceVersion "1"]
[SourceVersionDate "2011.10.28"]
[SourceQuality "1"]

1. e4 b6 2. d4 Bb7 3. Bd3 g6 4. Nc3 Bg7 5. Nge2 e6 6. 0-0 d6 7. f4 Nd7 8. f5 gxf5 9. exf5 e5 10. d5 Ngf6 11. Bb5 h6 12. Ng3 Qe7 13. Nge4 0-0-0 14. Bc6 Nb8 15. Bxb7+ Kxb7 16. a4 Nbd7 17. a5 Nc5 18. Qe2 Ra8 19. b4 Ncxe4 20. Nxe4 Nxe4 21. Qxe4 Bf6 22. c4 Kc8 23. c5 bxc5 24. bxc5 Rb8 25. c6 Rg8 26. Rb1 Ra8 27. Qb4 Kd8 28. Qb8+ 1-0

[Event "FRA-ch Accession"]
[Site "Caen"]
[Date "2011.08.24"]
[Round "8"]
[White "Mania, Clement"]
[Black "Djalal, Boris"]
[Result "0-1"]
[WhiteElo "2130"]
[BlackElo "2217"]
[PlyCount "96"]
[EventDate "2011.08.16"]
[EventType "swiss"]
[EventRounds "11"]
[EventCountry "FRA"]
[SourceTitle "CBM 144 Extra"]
[Source "ChessBase"]
[SourceDate "2011.10.28"]
[SourceVersion "1"]
[SourceVersionDate "2011.10.28"]
[SourceQuality "1"]

1. f4 c5 2. Nf3 Nc6 3. g3 g6 4. Bg2 Bg7 5. 0-0 Nf6 6. d3 0-0 7. Nc3 d6 8. Nh4 h6 9. f5 g5 10. Nf3 Nd4 11. e4 e6 12. fxe6 Bxe6 13. Ne2 Nxf3+ 14. Bxf3 d5 15. Nc3 d4 16. Na4 b6 17. c4 dxc3 18. bxc3 Rc8 19. Be3 Qd7 20. Nb2 Ng4 21. Bd2 b5 22. Qe2 Rfd8 23. h4 gxh4 24. gxh4 h5 25. Kh1 a6 26. Rac1 Rf8 27. Nd1 Rcd8 28. Nf2 Nxf2+ 29. Qxf2 Qxd3 30. Be3 Bg4 31. Bxg4 hxg4 32. Bxc5 Qxe4+ 33. Kg1 g3 34. Qxg3 Rd3 35. Qg5 Rd5 36. Qe3 Qg4+ 37. Kf2 Qxh4+ 38. Ke2 Qh5+ 39. Rf3 Rxc5 40. Rh1 Qxh1 41. Qxc5 Re8+ 42. Re3 Qg2+ 43. Kd3 Qf1+ 44. Kc2 Qf2+ 45. Kb3 Qxe3 46. Qc6 Qe6+ 47. Ka3 Qxc6 48. c4 Bf8+ 0-1

[Event "FRA-ch Accession"]
[Site "Caen"]
[Date "2011.08.21"]
[Round "6"]
[White "Mania, Clement"]
[Black "Daurelle, Herve"]
[Result "1-0"]
[WhiteElo "2130"]
[BlackElo "2261"]
[PlyCount "77"]
[EventDate "2011.08.16"]
[EventType "swiss"]
[EventRounds "11"]
[EventCountry "FRA"]
[SourceTitle "CBM 144 Extra"]
[Source "ChessBase"]
[SourceDate "2011.10.28"]
[SourceVersion "1"]
[SourceVersionDate "2011.10.28"]
[SourceQuality "1"]

1. f4 d5 2. Nf3 g6 3. g3 Nf6 4. Bg2 Bg7 5. d3 0-0 6. 0-0 c5 7. Nc3 d4 8. Ne4 Nxe4 9. dxe4 Nc6 10. a3 Qb6 11. Kh1 a5 12. h3 a4 13. g4 e6 14. e5 Bd7 15. e4 Rad8 16. Qe1 f6 17. exf6 Bxf6 18. Qg3 Ne7 19. e5 Bg7 20. Ng5 Bc6 21. Nxh7 Kxh7 22. Qh4+ Kg8 23. Qxe7 Bxg2+ 24. Kxg2 Qc6+ 25. Kg1 Rd7 26. Qg5 Qe4 27. Bd2 Qxc2 28. Rf2 Qxb2 29. Raf1 Qc2 30. f5 exf5 31. Qxg6 Qb3 32. gxf5 Rdf7 33. f6 Re8 34. Bh6 Rxe5 35. Bxg7 Qd5 36. Bh6+ Kh8 37. Rg2 Re8 38. Bg7+ Kg8 39. Qh6 1-0

[Event "Saint Affrique op 19th"]
[Site "Saint Affrique"]
[Date "2011.07.29"]
[Round "7"]
[White "Perrot, Pierre1"]
[Black "Mania, Clement"]
[Result "1-0"]
[WhiteElo "1712"]
[BlackElo "2130"]
[PlyCount "91"]
[EventDate "2011.07.23"]
[EventType "swiss"]
[EventRounds "9"]
[EventCountry "FRA"]
[SourceTitle "CBM 143 Extra"]
[Source "ChessBase"]
[SourceDate "2011.08.29"]
[SourceVersion "1"]
[SourceVersionDate "2011.08.29"]
[SourceQuality "1"]

1. c4 f5 2. Nc3 Nf6 3. Nf3 d6 4. g3 g6 5. Bg2 Bg7 6. 0-0 0-0 7. d4 Nc6 8. d5 Ne5 9. Nxe5 dxe5 10. e4 f4 11. gxf4 exf4 12. e5 Nd7 13. e6 Ne5 14. Qb3 f3 15. Bh3 g5 16. Bxg5 Qe8 17. Kh1 Qh5 18. Bxe7 Qxh3 19. Rg1 Rf4 20. Rg3 Qh5 21. Rg5 Qh3 22. Rg3 Ng4 23. Rxh3 Nxf2+ 24. Kg1 Nxh3+ 25. Kh1 Nf2+ 26. Kg1 Bd4 27. Kf1 Rg4 28. Ne2 Ne4 29. Rd1 fxe2+ 30. Kxe2 Rg2+ 31. Kd3 Bc5 32. Kxe4 Bxe7 33. Qf3 Rg7 34. Qh5 Rg6 35. Qf5 Bf6 36. Rd3 b5 37. Rg3 Kg7 38. c5 Bb7 39. c6 Ba6 40. Qf4 Rc8 41. b4 h6 42. Rxg6+ Kxg6 43. Qg3+ Kh5 44. Kf5 Rg8 45. Qh3+ Bh4 46. Qf3+ 1-0

[Event "Saint Affrique op 19th"]
[Site "Saint Affrique"]
[Date "2011.07.26"]
[Round "5"]
[White "Savalle, Alexandre"]
[Black "Mania, Clement"]
[Result "0-1"]
[WhiteElo "1805"]
[BlackElo "2130"]
[PlyCount "74"]
[EventDate "2011.07.23"]
[EventType "swiss"]
[EventRounds "9"]
[EventCountry "FRA"]
[SourceTitle "CBM 143 Extra"]
[Source "ChessBase"]
[SourceDate "2011.08.29"]
[SourceVersion "1"]
[SourceVersionDate "2011.08.29"]
[SourceQuality "1"]

1. e4 c5 2. Nc3 Nc6 3. Bb5 g6 4. Bxc6 bxc6 5. d3 Bg7 6. f4 d6 7. Nf3 Nh6 8. 0-0 0-0 9. h3 f5 10. Re1 Nf7 11. exf5 gxf5 12. d4 cxd4 13. Nxd4 e5 14. fxe5 dxe5 15. Nb3 Qh4 16. Be3 Kh8 17. Qf3 f4 18. Bf2 Qh6 19. Ne4 Bf5 20. Nbc5 Rg8 21. Kh1 Bf8 22. Qc3 Re8 23. Rad1 Bg4 24. Rd3 Rg6 25. Kg1 Bf5 26. Rf3 Ng5 27. Nxg5 Qxg5 28. g4 Bxg4 29. hxg4 Bxc5 30. Qxc5 Qxg4+ 31. Rg3 fxg3 32. Bd4 Rge6 33. Rxe5 Rxe5 34. Bxe5+ Kg8 35. Qd6 Qe6 36. Qxe6+ Rxe6 37. Bxg3 Re2 0-1

[Event "Saint Affrique op 19th"]
[Site "Saint Affrique"]
[Date "2011.07.25"]
[Round "4"]
[White "Mania, Clement"]
[Black "Desarnaud, Manon"]
[Result "1-0"]
[WhiteElo "2130"]
[BlackElo "1732"]
[PlyCount "65"]
[EventDate "2011.07.23"]
[EventType "swiss"]
[EventRounds "9"]
[EventCountry "FRA"]
[SourceTitle "CBM 143 Extra"]
[Source "ChessBase"]
[SourceDate "2011.08.29"]
[SourceVersion "1"]
[SourceVersionDate "2011.08.29"]
[SourceQuality "1"]

1. f4 e6 2. Nf3 d5 3. g3 c5 4. Bg2 Nc6 5. 0-0 b6 6. d3 Bb7 7. c3 Nf6 8. Qe1 d4 9. Na3 dxc3 10. bxc3 Bd6 11. Nc4 Bc7 12. Nfe5 Bxe5 13. fxe5 Nd7 14. Nd6+ Kf8 15. Nxb7 Qc7 16. Nd6 Ndxe5 17. Nc4 Nxc4 18. dxc4 Rd8 19. Bf4 Qc8 20. Rd1 Ke7 21. Qf2 Rhf8 22. Qf3 Na5 23. Qg4 Rg8 24. Qh4+ f6 25. Qxh7 Nxc4 26. Bh6 Rxd1 27. Rxd1 Kf7 28. Bf3 Kf8 29. Bf4 Ke7 30. Qe4 Na5 31. Bd6+ Kf7 32. Qh7 f5 33. Bh5+ 1-0

[Event "FRA-chT1 1011"]
[Site "France"]
[Date "2010.10.17"]
[Round "1.5"]
[White "Bertrand, Frederic"]
[Black "Mania, Clement"]
[Result "1-0"]
[WhiteElo "2296"]
[BlackElo "2154"]
[PlyCount "75"]
[EventDate "2010.10.17"]
[EventType "team-tourn"]
[EventRounds "11"]
[EventCountry "FRA"]
[SourceTitle "EXT 2012"]
[Source "ChessBase"]
[SourceDate "2011.11.24"]
[SourceVersion "1"]
[SourceVersionDate "2011.11.24"]
[SourceQuality "1"]

1. d4 c6 2. c4 g6 3. Nf3 Bg7 4. g3 d6 5. Bg2 Nh6 6. 0-0 0-0 7. Nc3 Na6 8. Bf4 f5 9. d5 c5 10. Qd2 Nf7 11. Rfe1 Nc7 12. e4 fxe4 13. Nxe4 b5 14. Bf1 Bg4 15. Neg5 h6 16. Ne6 Nxe6 17. dxe6 Nh8 18. Nh4 Bd4 19. Be3 Bxe3 20. Qxe3 g5 21. Qe4 Bh5 22. Bd3 Ng6 23. Nxg6 Bf3 24. Qe3 Rf6 25. h4 Bb7 26. hxg5 Rf3 27. Qe2 bxc4 28. Be4 Bxe4 29. Qxe4 Rd3 30. Nf4 Qe8 31. Nxd3 cxd3 32. gxh6 Qf8 33. Qg6+ Kh8 34. Qxd3 Rb8 35. Re4 Rb4 36. Rxb4 cxb4 37. Qg6 d5 38. Rc1 1-0

[Event "Saint Affrique op 18th"]
[Site "Saint Affrique"]
[Date "2010.07.29"]
[Round "7"]
[White "Antoine, Jean Luc"]
[Black "Mania, Clement"]
[Result "0-1"]
[WhiteElo "2054"]
[BlackElo "2127"]
[PlyCount "48"]
[EventDate "2010.07.24"]
[EventType "swiss"]
[EventRounds "9"]
[EventCountry "FRA"]
[SourceTitle "CBM 137 Extra"]
[Source "ChessBase"]
[SourceDate "2010.09.01"]
[SourceVersion "1"]
[SourceVersionDate "2010.09.01"]
[SourceQuality "1"]

1. Nf3 f5 2. e4 fxe4 3. Ng5 e5 4. d3 Be7 5. Nxe4 Nc6 6. Nbc3 d5 7. Nd2 Nf6 8. Be2 0-0 9. 0-0 Be6 10. Nf3 Bd6 11. Bg5 h6 12. Bh4 Qe8 13. Nb5 d4 14. Nxd6 cxd6 15. Nd2 Nd5 16. Ne4 Qd7 17. Qd2 Nf4 18. Bf3 b6 19. c4 dxc3 20. bxc3 d5 21. Ng3 g5 22. c4 gxh4 23. cxd5 Bxd5 24. Ne4 Nd4 0-1

[Event "Saint Affrique op 18th"]
[Site "Saint Affrique"]
[Date "2010.07.28"]
[Round "6"]
[White "Mania, Clement"]
[Black "Caron, Damien"]
[Result "1-0"]
[WhiteElo "2127"]
[BlackElo "1921"]
[PlyCount "33"]
[EventDate "2010.07.24"]
[EventType "swiss"]
[EventRounds "9"]
[EventCountry "FRA"]
[SourceTitle "CBM 137 Extra"]
[Source "ChessBase"]
[SourceDate "2010.09.01"]
[SourceVersion "1"]
[SourceVersionDate "2010.09.01"]
[SourceQuality "1"]

1. e4 c5 2. Nf3 d6 3. d4 cxd4 4. Nxd4 Nf6 5. Nc3 a6 6. f4 Qc7 7. Be2 h5 8. 0-0 b5 9. Kh1 Nc6 10. Nxc6 Qxc6 11. e5 Bb7 12. Bf3 Qb6 13. exf6 gxf6 14. Bxb7 Qxb7 15. Qd5 Qb8 16. Qc6+ Kd8 17. Be3 1-0

[Event "Saint Affrique op 18th"]
[Site "Saint Affrique"]
[Date "2010.07.25"]
[Round "2"]
[White "Mania, Clement"]
[Black "Joli, Laurent"]
[Result "1-0"]
[WhiteElo "2127"]
[BlackElo "1870"]
[PlyCount "33"]
[EventDate "2010.07.24"]
[EventType "swiss"]
[EventRounds "9"]
[EventCountry "FRA"]
[SourceTitle "CBM 137 Extra"]
[Source "ChessBase"]
[SourceDate "2010.09.01"]
[SourceVersion "1"]
[SourceVersionDate "2010.09.01"]
[SourceQuality "1"]

1. e4 e6 2. d4 d5 3. Nc3 Bb4 4. e5 Ne7 5. a3 Ba5 6. b4 Bb6 7. Nce2 Ng6 8. Nf3 c6 9. h4 h6 10. Ng3 Qd7 11. Bd3 Bd8 12. c3 b6 13. Qc2 Nf8 14. Nh5 Rg8 15. Bh7 Nxh7 16. Qxh7 Kf8 17. Nxg7 1-0

[Event "Chamalieres op"]
[Site "Chamalieres"]
[Date "2009.10.27"]
[Round "5"]
[White "Mania, Clement"]
[Black "Etchegaray, Patrice"]
[Result "1/2-1/2"]
[WhiteElo "2066"]
[BlackElo "2380"]
[PlyCount "81"]
[EventDate "2009.10.24"]
[EventType "swiss"]
[EventRounds "9"]
[EventCountry "FRA"]
[SourceTitle "EXT 2010"]
[Source "ChessBase"]
[SourceDate "2010.11.25"]
[SourceVersion "1"]
[SourceVersionDate "2010.11.25"]
[SourceQuality "1"]

1. f4 d5 2. Nf3 g6 3. g3 Bg7 4. Bg2 Nf6 5. 0-0 0-0 6. d3 d4 7. c3 dxc3 8. bxc3 c5 9. e4 Nc6 10. Be3 c4 11. dxc4 Nxe4 12. Ne5 f5 13. Nxc6 bxc6 14. Qc2 Qc7 15. Bxe4 fxe4 16. Nd2 Bf5 17. Nxe4 e5 18. c5 Kh8 19. Qa4 Bh3 20. Rfe1 Rab8 21. Ng5 Bf5 22. fxe5 h6 23. Qh4 Qe7 24. Nf3 Qxh4 25. Nxh4 Bxe5 26. Bxh6 Bxc3 27. Bxf8 Rxf8 28. Rac1 Bxe1 29. Rxe1 Rd8 30. Nxf5 gxf5 31. Kf2 Rd5 32. Re8+ Kg7 33. Re7+ Kf6 34. Rxa7 Rxc5 35. a4 Rc2+ 36. Kg1 Ra2 37. Rc7 Rxa4 38. Rxc6+ Kg5 39. Kg2 Ra2+ 40. Kh3 Rb2 41. Rc8 1/2-1/2

[Event "FRA-chT2 South 0809"]
[Site "France"]
[Date "2009.01.18"]
[Round "6.7"]
[White "Mania, Clement"]
[Black "Tauziede, Jean Pierre"]
[Result "1-0"]
[WhiteElo "2011"]
[BlackElo "1670"]
[PlyCount "47"]
[EventDate "2008.10.12"]
[EventType "tourn"]
[EventRounds "11"]
[EventCountry "FRA"]
[SourceTitle "EXT 2010"]
[Source "ChessBase"]
[SourceDate "2010.11.25"]
[SourceVersion "1"]
[SourceVersionDate "2010.11.25"]
[SourceQuality "1"]
[WhiteTeam "Saint Affrique"]
[BlackTeam "Condom"]
[WhiteTeamCountry "FRA"]
[BlackTeamCountry "FRA"]

1. d4 Nf6 2. Bg5 g6 3. Nd2 Bg7 4. e3 0-0 5. f4 d6 6. Ngf3 Re8 7. Bc4 Nbd7 8. 0-0 c5 9. c3 Nb6 10. Bd3 Bd7 11. Qe1 Qc8 12. Qh4 Rb8 13. Bh6 Bh8 14. Ng5 Bc6 15. f5 Nbd7 16. Ndf3 Bxf3 17. Rxf3 cxd4 18. exd4 Qc6 19. Re1 Qb6 20. Nxf7 Kxf7 21. fxg6+ hxg6 22. Bxg6+ Kxg6 23. Qg5+ Kf7 24. Qh5+ 1-0